Fundamentals of mathematical statistics (Record no. 1050)
[ view plain ]
| 000 -LEADER | |
|---|---|
| fixed length control field | 00652nam a2200217Ia 4500 |
| 003 - CONTROL NUMBER IDENTIFIER | |
| control field | BUBTL |
| 008 - FIXED-LENGTH DATA ELEMENTS--GENERAL INFORMATION | |
| fixed length control field | 151213s9999 xx 000 0 und d |
| 020 ## - INTERNATIONAL STANDARD BOOK NUMBER | |
| International Standard Book Number | 81-7014-120-6 |
| 082 ## - DEWEY DECIMAL CLASSIFICATION NUMBER | |
| Classification number | 519.5 |
| Item number | GUM |
| 100 ## - MAIN ENTRY--PERSONAL NAME | |
| Personal name | S.C. Gupta & V.K. Kapoor |
| 245 ## - TITLE STATEMENT | |
| Title | Fundamentals of mathematical statistics |
| Statement of responsibility, etc. | S.C. Gupta & V.K. Kapoor |
| 260 ## - PUBLICATION, DISTRIBUTION, ETC. (IMPRINT) | |
| Place of publication, distribution, etc. | New Delhi |
| Name of publisher, distributor, etc. | Sultan Chand & Sons |
| Date of publication, distribution, etc. | 2002 |
| 300 ## - PHYSICAL DESCRIPTION | |
| Extent | [xxii] , 16-80p . : |
| Other physical details | Table ; 22cm . |
| Dimensions | Statistics . |
| 500 ## - GENERAL NOTE | |
| General note | Includes Index . |
| 650 ## - SUBJECT ADDED ENTRY--TOPICAL TERM | |
| Topical term or geographic name as entry element | Statistics |
| 650 ## - SUBJECT ADDED ENTRY--TOPICAL TERM | |
| Topical term or geographic name as entry element | Statistics |
| 700 ## - ADDED ENTRY--PERSONAL NAME | |
| Personal name | S.C. Gupta & V.K. Kapoor |
| 856 ## - ELECTRONIC LOCATION AND ACCESS | |
| Password | 0 |
| Logon | 0 |
| Link text | Download |
| 942 ## - ADDED ENTRY ELEMENTS (KOHA) | |
| Source of classification or shelving scheme | |
| Koha item type | Books |
| Withdrawn status | Lost status | Source of classification or shelving scheme | Damaged status | Not for loan | Collection code | Permanent location | Current location | Shelving location | Date acquired | Inventory number | Total Checkouts | Full call number | Barcode | Date last seen | Date last checked out | Copy number | Price effective from | Koha item type |
|---|---|---|---|---|---|---|---|---|---|---|---|---|---|---|---|---|---|---|
| Non-fiction | Bangladesh University of Business and Technology Library | Bangladesh University of Business and Technology Library | Statistics Stacks | 05/09/2018 | 1067 | 1 | 519.5 GUM | BUBTL-20031067 | 11/01/2022 | 09/13/2022 | C-1 | 05/09/2018 | Books | |||||
| Non-fiction | Bangladesh University of Business and Technology Library | Bangladesh University of Business and Technology Library | Statistics Stacks | 05/09/2018 | 1065 | 519.5 GUM | BUBTL-20031065 | 05/09/2018 | C-2 | 05/09/2018 | Books | |||||||
| Non-fiction | Bangladesh University of Business and Technology Library | Bangladesh University of Business and Technology Library | Statistics Stacks | 05/09/2018 | 1068 | 2 | 519.5 GUM | BUBTL-20031068 | 10/26/2022 | 10/19/2022 | C-3 | 05/09/2018 | Books | |||||
| Non-fiction | Bangladesh University of Business and Technology Library | Bangladesh University of Business and Technology Library | Statistics Stacks | 05/09/2018 | 1066 | 519.5 GUM | BUBTL-20031066 | 05/09/2018 | C-4 | 05/09/2018 | Books | |||||||
| Non-fiction | Bangladesh University of Business and Technology Library | Bangladesh University of Business and Technology Library | Statistics Stacks | 05/09/2018 | 1069 | 519.5 GUM | BUBTL-20031069 | 05/09/2018 | C-5 | 05/09/2018 | Books | |||||||
| Non-fiction | Bangladesh University of Business and Technology Library | Bangladesh University of Business and Technology Library | Statistics Stacks | 05/09/2018 | 3957 | 1 | 519.5 GUM | BUBTL-20033957 | 09/15/2022 | 09/13/2022 | C-6 | 05/09/2018 | Books | |||||
| Non-fiction | Bangladesh University of Business and Technology Library | Bangladesh University of Business and Technology Library | Statistics Stacks | 05/09/2018 | 3956 | 519.5 GUM | BUBTL-20033956 | 05/09/2018 | C-7 | 05/09/2018 | Books |
